01025nam a2200241 a 450000100090000000800410000901000150005002000310006502000280009605000230012410000180014724501570016526000290032230000220035135000100037350000510038365000260043470000200046070000220048099501010050299900170060395201630062015522380190130s2008 ||||||||||||||||| || u a2008300901 a9781844075652 (alk. paper) a1844075656 (alk. paper) aQH 541.15.E245 Rec aWestra, Laura10aReconciling human existence with ecological integrity : science, ethics, economics and lawcEdited by Laura Westra, Klaus Bosselmann and Richard Westra. aLondon:bEarthscanc2008 axxv, 351p.: ill.  a53.11 aIncludes bibliographical references and index. 0aECOLOGICAL INTERGRITY aWestra, Richard aBosselmann, Klaus FCBU-MAIN LIBRARY (Kitwe)I53.11M1UAVAILABLEWJan 30, 2019ZMain Library Open Access Collection c55772d55772 00102lcc4070a001b001cMain Library Open Access Collectiond2022-11-30l1oQH 541.15.E245 Recp748866q2026-05-27r2026-05-13s2026-05-13w2022-11-30y002